000 00575nam a2200169 a 4500
001 000004967
005 20200929151539.0
008 090728s2008 cr 001 0 spa d
020 _a9789968958714
040 _aDO-SdBNP
_bspa
_cBNPHU
100 1 _aMiranda Hervira, Alicia,
_d1952-
_914339
245 1 0 _aJaque mate en el paralelo 14 /
_cAlicia Miranda Hevia.
260 _aSan José, Costa Rica :
_bMontemira,
_c2008.
300 _a225 p. ;
_c22 cm.
500 _aIncluye datos biográficos del autor en la solapa
500 _aIncluye cronología de vida de diferentes personaje
999 _c4773
_d4773